00193nam a2200085Ia 4500008004100000100001500041245001700056260001700073999001700090170620s9999 xx 000 0 und d aKAPOOR- ND 0aBUSINESS LAW bSULTAN CHAND c30157d30157